000 00437nam a2200181Ia 4500
001 24791
005 20260414151107.0
008 260414t2011||||xx |||||||||||||| ||spa||
041 _aESP
082 _a346
_bA46
100 _aAlterini, Atilio Aníbal
_eAUT
245 0 _aTreinta estudios de derecho privado
_b
260 _c2011
300 _a665 páginas :
_c23 cm.
650 _aDER
654 _aCDE
942 _cLIB
_dJUS
_fJUS
_2ddc
_n
999 _c24791
_d24791